The noble scholar, jurist, historian


 His Excellency Dr. Abdul Wahhab bin Ibrahim Abu Sulaiman, may Allah have mercy on him.


 He was born in Umm Al-Qura in the year 1356 AH.

دار التوحيد : (Record no. 6542)

MARC details
000 -LEADER
fixed length control field 01649cam a2200325 i 4500
003 - CONTROL NUMBER IDENTIFIER
control field SA-RiAUC
005 - DATE AND TIME OF LATEST TRANSACTION
control field 20250321140547.0
008 - FIXED-LENGTH DATA ELEMENTS--GENERAL INFORMATION
fixed length control field 250321s1995 su ao g 01000 ara c
020 ## - INTERNATIONAL STANDARD BOOK NUMBER
International Standard Book Number 9960277356
040 ## - CATALOGING SOURCE
Original cataloging agency SA-RiAUC
Language of cataloging ara
Transcribing agency SA-RiAUC
Description conventions rda
043 ## - GEOGRAPHIC AREA CODE
Geographic area code a-su---
082 04 - DEWEY DECIMAL CLASSIFICATION NUMBER
Classification number 370.071
Assigning agency SA-RiAUC
090 ## - LOCALLY ASSIGNED LC-TYPE CALL NUMBER (OCLC); LOCAL CALL NUMBER (RLIN)
Classification number (OCLC) (R) ; Classification number, CALL (RLIN) (NR) 370.071
Local cutter number (OCLC) ; Book number/undivided call number, CALL (RLIN) ص ي ن
100 1# - MAIN ENTRY--PERSONAL NAME
Personal name الصيني، عثمان محمود حسين،
Dates associated with a name 1374 هجري-
Relator term مؤلف.
245 10 - TITLE STATEMENT
Title دار التوحيد :
Remainder of title تطور تعليمي وتغير اجتماعي /
Statement of responsibility, etc. تأليف عثمان محمود الصيني، عائض الثبيتي، جريدي المنصوري.
250 ## - EDITION STATEMENT
Edition statement الطبعة الأولى.
264 #1 - PRODUCTION, PUBLICATION, DISTRIBUTION, MANUFACTURE, AND COPYRIGHT NOTICE
Place of production, publication, distribution, manufacture الطائف، السعودية :
Name of producer, publisher, distributor, manufacturer دار التوحيد،
Date of production, publication, distribution, manufacture, or copyright notice 1995
300 ## - PHYSICAL DESCRIPTION
Extent 174 صفحة :
Other physical details إيضاحيات، صور ؛
Dimensions 24 سم
336 ## - CONTENT TYPE
Content type term نص
Content type code txt
Source rdacontent
Materials specified كتاب
337 ## - MEDIA TYPE
Media type term بدون وسيط
Media type code n
Source rdamedia
338 ## - CARRIER TYPE
Carrier type term مجلد
Carrier type code nc
Source rdacarrier
500 ## - GENERAL NOTE
General note إصدار لجنة الاحتفال بمرور خمسين عاما على تأسيس دار التوحيد.
500 ## - GENERAL NOTE
General note طبع على نفقة صاحب السمو الملكي الأمير عبد الله بن عبد العزيز ولي العهد ونائب رئيس مجلس الوزراء ورئيس الحرس الوطني.
610 27 - SUBJECT ADDED ENTRY--CORPORATE NAME
Corporate name or jurisdiction name as entry element دار التوحيد (السعودية)
Source of heading or term aucnm
650 #7 - SUBJECT ADDED ENTRY--TOPICAL TERM
Topical term or geographic name entry element المدارس
Geographic subdivision السعودية
Source of heading or term aucsh
700 1# - ADDED ENTRY--PERSONAL NAME
Personal name الثبيتي، عائض
Relator term مؤلف.
700 1# - ADDED ENTRY--PERSONAL NAME
Personal name الثبيتي، جريدي بن المنصوري سليم،
Dates associated with a name 1377 هجري-
Relator term مؤلف.
942 ## - ADDED ENTRY ELEMENTS (KOHA)
Source of classification or shelving scheme Dewey Decimal Classification
Koha item type Books
Suppress in OPAC No
949 ## - LOCAL PROCESSING INFORMATION (OCLC)
a SA-JeALM
d 250321
u mohamedma123
n 1
Holdings
Withdrawn status Lost status Source of classification or shelving scheme Damaged status Not for loan Home library Current library Date acquired Total checkouts Full call number Barcode Date last seen Price effective from Koha item type
    Dewey Decimal Classification     DR AbdElwahab Library DR AbdElwahab Library 03/21/2025   370.071 ص ي ن 000011041 03/21/2025 03/21/2025 Books